[Event "Gold Coast op"]
[Site "Gold Coast"]
[Date "2023.07.09"]
[Round "8"]
[White "Bassig, Hamish"]
[Black "Soo, Kai Jie"]
[Result "1-0"]
[WhiteElo "2085"]
[BlackElo "2033"]
[PlyCount "73"]
[EventDate "2023.07.05"]
[EventType "swiss"]
[EventRounds "9"]
[EventCountry "AUS"]
[SourceTitle "CBM 215 Extra"]
[Source "ChessBase"]
[SourceDate "2023.09.30"]
[SourceVersion "1"]
[SourceVersionDate "2023.09.30"]
[SourceQuality "1"]

1. d4 Nf6 2. Nf3 d5 3. Bf4 c5 4. e3 Nc6 5. Ne5 e6 6. c3 Bd6 7. Nd2 Qc7 8. Ndf3 Nh5 9. Nxf7 Kxf7 10. Ng5+ Kf8 11. Bxd6+ Qxd6 12. Qxh5 g6 13. Qf3+ Kg7 14. Qf7+ Kh6 15. Qf6 Rf8 16. Nf7+ Rxf7 17. Qxf7 cxd4 18. exd4 Nxd4 19. cxd4 Qb4+ 20. Kd1 Qxd4+ 21. Kc1 Qc5+ 22. Kb1 e5 23. Bd3 Bg4 24. Qf6 Qd4 25. Qh4+ Kg7 26. Qg3 e4 27. Bc2 Rc8 28. Qxg4 Rxc2 29. Kxc2 Qd3+ 30. Kc1 Qc4+ 31. Kd1 Qa4+ 32. Ke1 Qb4+ 33. Kf1 Qxb2 34. Rd1 Qxa2 35. Qd7+ Kh6 36. Qxd5 Qa4 37. h4 1-0

[Event "Perth op"]
[Site "Perth"]
[Date "2023.01.09"]
[Round "10"]
[White "Rice, Leah"]
[Black "Bassig, Hamish"]
[Result "1-0"]
[WhiteElo "1403"]
[BlackElo "1973"]
[PlyCount "75"]
[EventDate "2023.01.02"]
[EventType "swiss"]
[EventRounds "11"]
[EventCountry "AUS"]
[SourceTitle "CBM 212 Extra"]
[Source "ChessBase"]
[SourceDate "2023.03.31"]
[SourceVersion "1"]
[SourceVersionDate "2023.03.31"]
[SourceQuality "1"]

1. d4 d5 2. Nf3 e6 3. e3 Nf6 4. Be2 c5 5. b3 Bd6 6. 0-0 0-0 7. Bb2 b6 8. c4 Bb7 9. Nc3 a6 10. cxd5 exd5 11. Ne5 Re8 12. f4 Nc6 13. Kh1 b5 14. Bf3 Ne7 15. g4 Rc8 16. g5 Ne4 17. Nxe4 dxe4 18. Bg4 Rc7 19. dxc5 Bxc5 20. Qxd8 Rxd8 21. Rfd1 Nd5 22. Bd4 Bxd4 23. Rxd4 Re8 24. Re1 Rc3 25. Bd7 Rd8 26. Bf5 Re8 27. Bxe4 f6 28. gxf6 gxf6 29. Rg1+ Kf8 30. Nd7+ Kf7 31. Bxd5+ Bxd5+ 32. Rxd5 Rexe3 33. Rh5 Ke6 34. Nc5+ Kd6 35. Nxa6 Re2 36. Nb4 Rf3 37. Rd1+ Ke6 38. Nc6 1-0

[Event "Perth op"]
[Site "Perth"]
[Date "2023.01.03"]
[Round "2"]
[White "Shen, Fiona"]
[Black "Bassig, Hamish"]
[Result "0-1"]
[WhiteElo "1625"]
[BlackElo "1973"]
[PlyCount "98"]
[EventDate "2023.01.02"]
[EventType "swiss"]
[EventRounds "11"]
[EventCountry "AUS"]
[SourceTitle "CBM 212 Extra"]
[Source "ChessBase"]
[SourceDate "2023.03.31"]
[SourceVersion "1"]
[SourceVersionDate "2023.03.31"]
[SourceQuality "1"]

1. d4 Nf6 2. c4 e6 3. Nc3 Bb4 4. a3 Bxc3+ 5. bxc3 Ne4 6. Qc2 f5 7. Nf3 b6 8. Bf4 d6 9. e3 Nd7 10. Bd3 Bb7 11. 0-0 0-0 12. Nd2 Nxd2 13. Qxd2 e5 14. Bg3 Qf6 15. f3 Rae8 16. Bc2 Kh8 17. Ba4 c6 18. d5 Rc8 19. Rfd1 Nc5 20. Bc2 cxd5 21. cxd5 Ba6 22. e4 f4 23. Bf2 g5 24. Bxc5 Rxc5 25. Bd3 Bxd3 26. Qxd3 Rfc8 27. Qa6 Qg7 28. Rac1 g4 29. Kh1 Rg8 30. Rg1 g3 31. h3 Qc7 32. Qd3 Rc8 33. a4 Rxc3 34. Rxc3 Qxc3 35. Qb5 Qc5 36. Qb2 Kg7 37. Rb1 Kf7 38. Qb5 Qc1+ 39. Qf1 Qxf1+ 40. Rxf1 Rc2 41. Ra1 Ke7 42. Kg1 Kd7 43. Kf1 Kc7 44. Rb1 a6 45. h4 h5 46. Ke1 Rxg2 47. Rc1+ Kd7 48. Rc6 Rb2 49. a5 g2 0-1